Which is bigger? - Multiple choice - Statistics

General Stats
  • This quiz has been taken 40 times
  • The average score is 4 of 5
Answer Stats
Question Answer % Correct
Which is bigger? Russia
100%
Which is bigger? Hungary
90%
Which is bigger? Bangladesh
86%
Which is bigger? Canada
86%
Which is bigger? Tunisia
52%
No matching quizzes found
Score Distribution
Percent of People with Each Score
Percentile by Number Answered
Your Score History
You have not taken this quiz